[Event "mpj-chlopcy"]
[Site "?"]
[Date "2014.08.05"]
[Round "4.4"]
[White "Oles, Martin"]
[Black "Czechowski, Jakub"]
[Result "0-1"]
[LiveChessVersion "1.4.3"]
[BlackElo "1396"]
[WhiteElo "1479"]

1. d4 d5 2. Nf3 {[%clk 0:15:22]} Nf6 {[%clk 0:15:39]} 3. Bf4 {[%clk 0:15:25]} c6
{[%clk 0:15:47]} 4. e3 {[%clk 0:15:31]} e6 {[%clk 0:15:56]} 5. Nbd2
{[%clk 0:15:39]} Nbd7 {[%clk 0:16:00]} 6. Bd3 {[%clk 0:15:47]} Be7
{[%clk 0:15:59]} 7. O-O {[%clk 0:15:51]} O-O {[%clk 0:16:05]} 8. h3
{[%clk 0:15:59]} b6 {[%clk 0:15:34]} 9. c3 {[%clk 0:16:01]} Bb7 {[%clk 0:15:37]}
10. Ne5 {[%clk 0:16:07]} c5 {[%clk 0:15:34]} 11. Rc1 {[%clk 0:16:01]} Nxe5
{[%clk 0:14:26]} 12. Bxe5 {[%clk 0:16:08]} Nd7 {[%clk 0:14:35]} 13. Bg3
{[%clk 0:15:31]} Rc8 {[%clk 0:14:10]} 14. Bb1 {[%clk 0:15:32]} Re8
{[%clk 0:14:08]} 15. Qc2 {[%clk 0:15:38]} Nf8 {[%clk 0:14:11]} 16. Be5
{[%clk 0:15:27]} Bf6 {[%clk 0:12:16]} 17. Nf3 {[%clk 0:14:45]} Bxe5
{[%clk 0:11:26]} 18. Nxe5 {[%clk 0:14:45]} f6 {[%clk 0:11:27]} 19. Ng4
{[%clk 0:14:44]} e5 {[%clk 0:10:00]} 20. dxe5 {[%clk 0:14:19]} fxe5
{[%clk 0:10:07]} 21. Qf5 {[%clk 0:14:08]} Qd7 {[%clk 0:09:14]} 22. Qg5
{[%clk 0:13:53]} Qe7 {[%clk 0:08:45]} 23. Qf5 {[%clk 0:12:58]} Qf7
{[%clk 0:06:55]} 24. Qg5 {[%clk 0:12:45]} Qe7 {[%clk 0:06:21]} 25. Qf5
{[%clk 0:11:55]} Rcd8 {[%clk 0:05:28]} 26. Rcd1 {[%clk 0:10:14]} Qe6
{[%clk 0:05:29]} 27. Qh5 {[%clk 0:09:51]} Ng6 {[%clk 0:01:16]} 28. f4
{[%clk 0:09:14]} exf4 {[%clk 0:01:03]} 29. exf4 Nf8 {[%clk 0:00:53]} 30. f5
{[%clk 0:09:03]} Qf7 31. Qg5 {[%clk 0:08:45]} Rd6 {[%clk 0:00:23]} 32. Rde1
{[%clk 0:08:30]} Rxe1 {[%clk 0:00:18]} 33. Rxe1 {[%clk 0:08:39]} h6
{[%clk 0:00:22]} 34. Qh4 {[%clk 0:08:15]} Nh7 {[%clk 0:00:25]} 35. Re7
{[%clk 0:08:18]} Qf8 {[%clk 0:00:29]} 36. Rxb7 {[%clk 0:08:15]} Ng5
{[%clk 0:00:28]} 37. f6 {[%clk 0:08:07]} Qe8 {[%clk 0:00:11]} 38. Rxg7+
{[%clk 0:07:57]} Kf8 {[%clk 0:00:19]} 39. Qxh6 {[%clk 0:07:01]} Qe1+
{[%clk 0:00:28]} 40. Kh2 {[%clk 0:07:10]} Nf3+ {[%clk 0:00:15]} 41. gxf3
{[%clk 0:07:13]} Qe2+ {[%clk 0:00:22]} 42. Kg3 {[%clk 0:07:13]} Qe1+
{[%clk 0:00:32]} 43. Nf2 {[%clk 0:07:11]} Qg1+ {[%clk 0:00:36]} 44. Kf4
{[%clk 0:07:04]} Qc1+ {[%clk 0:00:45]} 45. Kg4 {[%clk 0:07:02]} Qxh6
{[%clk 0:00:53]} 46. Rxa7 {[%clk 0:07:04]} Rxf6 {[%clk 0:00:58]} 47. Ra8+
{[%clk 0:07:05]} Ke7 {[%clk 0:01:07]} 48. Ra7+ {[%clk 0:07:14]} Kd6
{[%clk 0:01:15]} 49. Bf5 {[%clk 0:06:51]} Ke5 {[%clk 0:01:08]} 50. Nd3+
{[%clk 0:06:43]} Kd6 {[%clk 0:01:13]} 51. Rd7+ {[%clk 0:06:47]} Kc6
{[%clk 0:01:22]} 52. Ne5+ {[%clk 0:06:41]} Kb5 {[%clk 0:01:29]} 53. Bd3+
{[%clk 0:06:40]} c4 {[%clk 0:00:37]} 54. Rxd5+ Ka6 55. Bxc4+ {[%clk 0:06:41]} Kb7
{[%clk 0:00:47]} 56. Rd7+ {[%clk 0:06:43]} Kc8 {[%clk 0:00:53]} 57. Ba6+
{[%clk 0:06:51]} Kb8 {[%clk 0:00:52]} 58. Rd8+ {[%clk 0:06:28]} Ka7
{[%clk 0:00:50]} 59. Kg3 {[%clk 0:01:25]} Qf4+ {[%clk 0:00:46]} 60. Kg2
{[%clk 0:01:17]} Qxe5 {[%clk 0:00:53]} 61. Bd3 {[%clk 0:01:18]} Qg5+
{[%clk 0:00:59]} 62. Kh1 {[%clk 0:00:45]} Rxf3 {[%clk 0:00:50]} 63. Rd7+
{[%clk 0:00:35]} Kb8 {[%clk 0:00:52]} 0-1

[Event "mpj-chlopcy"]
[Site "?"]
[Date "2014.08.06"]
[Round "5.1"]
[White "Czopor, Maciej"]
[Black "Luczak, Filip"]
[Result "0-1"]
[LiveChessVersion "1.4.3"]
[BlackElo "1447"]
[WhiteElo "1682"]

1. d4 {[%clk 0:15:18]} Nf6 {[%clk 0:15:18]} 2. c4 {[%clk 0:15:27]} e6
{[%clk 0:15:27]} 3. Nf3 {[%clk 0:15:27]} b6 {[%clk 0:15:34]} 4. Bg5
{[%clk 0:13:51]} Be7 {[%clk 0:15:33]} 5. Nc3 {[%clk 0:13:49]} Bb7
{[%clk 0:15:41]} 6. e3 {[%clk 0:13:53]} h6 {[%clk 0:15:36]} 7. Bh4
{[%clk 0:13:46]} d6 {[%clk 0:15:28]} 8. Bd3 {[%clk 0:13:33]} Nbd7
{[%clk 0:15:34]} 9. e4 {[%clk 0:12:06]} e5 {[%clk 0:15:26]} 10. d5
{[%clk 0:11:44]} Nh5 {[%clk 0:13:45]} 11. Bxe7 {[%clk 0:11:01]} Qxe7
{[%clk 0:13:46]} 12. g3 {[%clk 0:10:45]} Nc5 {[%clk 0:13:26]} 13. b4
{[%clk 0:10:17]} Nxd3+ {[%clk 0:13:22]} 14. Qxd3 {[%clk 0:10:25]} O-O
{[%clk 0:12:56]} 15. O-O {[%clk 0:10:18]} Bc8 {[%clk 0:12:55]} 16. Nd2
{[%clk 0:09:09]} f5 {[%clk 0:10:41]} 17. f3 {[%clk 0:08:05]} Qf7 {[%clk 0:08:08]}
18. Rae1 {[%clk 0:06:48]} Qg6 {[%clk 0:07:41]} 19. Kh1 {[%clk 0:05:40]} fxe4
{[%clk 0:06:26]} 20. fxe4 {[%clk 0:05:33]} Bh3 {[%clk 0:06:16]} 21. Rxf8+
{[%clk 0:04:35]} Rxf8 {[%clk 0:06:22]} 22. Qe3 {[%clk 0:02:30]} Nf6
{[%clk 0:04:21]} 23. Nd1 {[%clk 0:01:17]} Ng4 {[%clk 0:04:06]} 24. Qe2
{[%clk 0:01:26]} Qf6 {[%clk 0:03:09]} 25. a3 {[%clk 0:00:50]} a6 26. a4
{[%clk 0:00:56]} a5 {[%clk 0:03:17]} 27. bxa5 {[%clk 0:00:59]} bxa5
{[%clk 0:03:26]} 28. Rg1 {[%clk 0:00:44]} Nf2+ {[%clk 0:03:19]} 29. Nxf2
{[%clk 0:00:49]} Qxf2 {[%clk 0:03:27]} 30. Qxf2 {[%clk 0:00:57]} Rxf2
{[%clk 0:03:36]} 31. Nb3 {[%clk 0:01:00]} Ra2 {[%clk 0:03:34]} 32. Nxa5
{[%clk 0:00:46]} Rxa4 {[%clk 0:03:41]} 33. Nc6 {[%clk 0:00:52]} Rxc4
{[%clk 0:03:49]} 34. Re1 {[%clk 0:00:55]} Bd7 {[%clk 0:03:33]} 35. Ne7+
{[%clk 0:00:38]} Kf7 {[%clk 0:03:38]} 36. Nf5 {[%clk 0:00:43]} Bxf5
{[%clk 0:03:46]} 37. exf5 {[%clk 0:00:47]} Kf6 {[%clk 0:03:54]} 38. Rf1
{[%clk 0:00:54]} Rd4 {[%clk 0:04:03]} 39. Rc1 {[%clk 0:00:58]} Rxd5
{[%clk 0:04:09]} 40. Rxc7 {[%clk 0:01:07]} e4 {[%clk 0:04:17]} 41. Kg2
{[%clk 0:01:10]} Rxf5 {[%clk 0:04:24]} 42. Rd7 {[%clk 0:01:12]} Rd5
{[%clk 0:04:30]} 43. Kf2 {[%clk 0:01:16]} Rf5+ {[%clk 0:04:18]} 44. Ke3
{[%clk 0:01:24]} d5 {[%clk 0:04:28]} 45. Kd4 {[%clk 0:01:27]} g5 {[%clk 0:04:28]}
46. Rd6+ {[%clk 0:01:30]} Kg7 {[%clk 0:04:28]} 47. Rd7+ {[%clk 0:01:36]} Kg6
{[%clk 0:04:37]} 48. Rd6+ {[%clk 0:01:01]} Kh5 {[%clk 0:04:31]} 49. h3
{[%clk 0:01:08]} Rf3 {[%clk 0:03:37]} 50. g4+ {[%clk 0:01:14]} Kh4
{[%clk 0:03:46]} 51. Rxh6+ {[%clk 0:01:16]} Kg3 {[%clk 0:03:54]} 52. Kxd5
{[%clk 0:00:32]} e3 {[%clk 0:04:00]} 53. Kd4 {[%clk 0:00:28]} e2 {[%clk 0:04:06]}
54. Re6 {[%clk 0:00:35]} Kf2 {[%clk 0:04:13]} 55. Re5 {[%clk 0:00:13]} e1=Q
{[%clk 0:04:16]} 56. Rxe1 {[%clk 0:00:21]} Kxe1 {[%clk 0:04:24]} 57. Ke4
{[%clk 0:00:29]} Kf2 {[%clk 0:04:26]} 58. Ke5 {[%clk 0:00:30]} Kg3
{[%clk 0:04:33]} 59. Ke4 {[%clk 0:00:39]} Rf8 {[%clk 0:04:42]} 0-1

[Event "mpj-chlopcy"]
[Site "?"]
[Date "2014.08.06"]
[Round "5.2"]
[White "Oglaza, Oskar"]
[Black "Czechowski, Jakub"]
[Result "0-1"]
[LiveChessVersion "1.4.3"]
[BlackElo "1396"]
[WhiteElo "1555"]

1. e4 {[%clk 0:15:14]} e5 {[%clk 0:15:20]} 2. Nf3 {[%clk 0:15:22]} Nc6
{[%clk 0:15:29]} 3. Bc4 {[%clk 0:15:30]} Bc5 {[%clk 0:15:38]} 4. c3
{[%clk 0:15:38]} Nf6 {[%clk 0:15:48]} 5. d4 {[%clk 0:15:44]} exd4
{[%clk 0:15:57]} 6. e5 {[%clk 0:15:52]} d5 {[%clk 0:16:06]} 7. Bb5
{[%clk 0:16:01]} Ne4 {[%clk 0:16:15]} 8. cxd4 {[%clk 0:16:09]} Bb6
{[%clk 0:16:25]} 9. O-O {[%clk 0:16:09]} O-O {[%clk 0:16:33]} 10. Nc3
{[%clk 0:16:07]} Bg4 {[%clk 0:16:42]} 11. Bxc6 {[%clk 0:15:57]} bxc6
{[%clk 0:16:51]} 12. Be3 {[%clk 0:16:03]} f6 {[%clk 0:17:00]} 13. exf6
{[%clk 0:15:38]} Nxc3 {[%clk 0:16:03]} 14. f7+ {[%clk 0:11:15]} Rxf7
{[%clk 0:14:48]} 15. bxc3 {[%clk 0:11:23]} Bxf3 {[%clk 0:14:53]} 16. gxf3
{[%clk 0:11:28]} Qf6 {[%clk 0:13:55]} 17. f4 {[%clk 0:11:27]} Qg6+
{[%clk 0:13:47]} 18. Kh1 {[%clk 0:10:55]} Qe4+ {[%clk 0:13:44]} 19. Kg1
{[%clk 0:10:43]} Rf6 {[%clk 0:13:47]} 20. Re1 {[%clk 0:09:03]} Re8
{[%clk 0:11:49]} 21. f3 {[%clk 0:08:39]} Qg6+ {[%clk 0:11:42]} 22. Kh1
{[%clk 0:06:35]} Qh5 {[%clk 0:11:41]} 23. Rc1 {[%clk 0:03:53]} Rh6
{[%clk 0:11:02]} 24. Rc2 {[%clk 0:03:29]} Ba5 {[%clk 0:10:50]} 25. Qe2
{[%clk 0:02:43]} Rf6 {[%clk 0:09:43]} 26. Qf2 {[%clk 0:02:43]} a6
{[%clk 0:07:54]} 27. Ree2 {[%clk 0:02:10]} Qh3 {[%clk 0:07:10]} 28. Qg2
{[%clk 0:01:15]} Qxg2+ {[%clk 0:07:03]} 29. Kxg2 {[%clk 0:01:24]} Kf7
{[%clk 0:07:11]} 30. Kf2 {[%clk 0:01:22]} Rfe6 {[%clk 0:07:12]} 31. c4
{[%clk 0:01:26]} dxc4 {[%clk 0:06:32]} 32. Rxc4 {[%clk 0:01:35]} Bb6
{[%clk 0:06:39]} 33. a4 {[%clk 0:01:29]} a5 {[%clk 0:06:33]} 34. Rcc2
{[%clk 0:01:34]} Rxe3 {[%clk 0:06:27]} 35. Rxe3 {[%clk 0:01:42]} Bxd4
{[%clk 0:06:37]} 36. Rce2 {[%clk 0:01:49]} Bxe3+ {[%clk 0:06:45]} 37. Rxe3
{[%clk 0:01:58]} Rxe3 {[%clk 0:06:50]} 38. Kxe3 {[%clk 0:02:06]} Ke6
{[%clk 0:06:59]} 39. Kd4 {[%clk 0:02:14]} Kd6 {[%clk 0:05:54]} 40. Kc4
{[%clk 0:02:17]} g6 {[%clk 0:06:03]} 41. h3 h6 {[%clk 0:06:08]} 42. h4
{[%clk 0:02:07]} c5 {[%clk 0:04:43]} 43. Kb5 {[%clk 0:02:14]} Kd5
{[%clk 0:04:51]} 44. Kxa5 {[%clk 0:02:23]} c4 {[%clk 0:05:01]} 45. Kb4
{[%clk 0:02:29]} Kd4 {[%clk 0:05:10]} 46. a5 {[%clk 0:02:39]} c3 {[%clk 0:05:19]}
47. a6 {[%clk 0:02:47]} c2 {[%clk 0:05:28]} 48. a7 {[%clk 0:02:51]} c1=Q
{[%clk 0:05:36]} 49. a8=Q {[%clk 0:02:54]} Qb1+ {[%clk 0:05:43]} 50. Ka5
{[%clk 0:02:53]} Qa2+ {[%clk 0:05:51]} 51. Kb5 {[%clk 0:02:57]} Qxa8
{[%clk 0:05:59]} 52. Kb4 {[%clk 0:02:56]} Qb7+ {[%clk 0:06:09]} 53. Ka3
{[%clk 0:03:04]} Kc3 {[%clk 0:06:18]} 54. f5 {[%clk 0:03:10]} Qa6#
{[%clk 0:06:15]} 0-1

[Event "mpj-chlopcy"]
[Site "?"]
[Date "2014.08.06"]
[Round "5.4"]
[White "Turski, Bartlomiej"]
[Black "Koszewski, Daniel"]
[Result "0-1"]
[LiveChessVersion "1.4.3"]
[BlackElo "1505"]
[WhiteElo "1501"]

1. e4 {[%clk 0:15:19]} c6 {[%clk 0:15:18]} 2. c4 {[%clk 0:15:28]} d5
{[%clk 0:15:08]} 3. cxd5 {[%clk 0:15:36]} cxd5 {[%clk 0:15:18]} 4. exd5
{[%clk 0:15:45]} Qxd5 {[%clk 0:15:23]} 5. Nc3 {[%clk 0:15:54]} Qd8
{[%clk 0:15:31]} 6. d4 {[%clk 0:15:50]} Nf6 {[%clk 0:15:37]} 7. Be3
{[%clk 0:15:56]} e6 {[%clk 0:14:39]} 8. Nf3 {[%clk 0:15:58]} Be7 {[%clk 0:14:30]}
9. Bd3 {[%clk 0:15:30]} O-O {[%clk 0:14:25]} 10. O-O {[%clk 0:15:26]} Bd7
{[%clk 0:14:14]} 11. Ne5 {[%clk 0:15:10]} Bc6 {[%clk 0:13:41]} 12. Nxc6
{[%clk 0:14:21]} Nxc6 {[%clk 0:13:50]} 13. h3 {[%clk 0:14:05]} Nb4
{[%clk 0:10:51]} 14. Bc4 {[%clk 0:13:44]} Nbd5 {[%clk 0:10:46]} 15. Nxd5
{[%clk 0:13:52]} Nxd5 {[%clk 0:10:55]} 16. Bxd5 {[%clk 0:13:40]} Qxd5
{[%clk 0:10:53]} 17. Qd3 {[%clk 0:13:04]} Rac8 {[%clk 0:10:33]} 18. f3
{[%clk 0:11:38]} Rc6 {[%clk 0:10:22]} 19. Qe4 {[%clk 0:10:44]} Qb5
{[%clk 0:06:59]} 20. b3 {[%clk 0:09:55]} Rfc8 {[%clk 0:07:01]} 21. Rfd1
{[%clk 0:07:37]} Qd5 {[%clk 0:07:05]} 22. Qxd5 {[%clk 0:07:03]} exd5
{[%clk 0:07:14]} 23. Rac1 {[%clk 0:06:40]} Bf6 {[%clk 0:06:52]} 24. Rc5
{[%clk 0:06:44]} Bxd4 {[%clk 0:04:06]} 25. Bxd4 {[%clk 0:06:52]} Rxc5
{[%clk 0:04:15]} 26. Bxc5 {[%clk 0:07:00]} Rxc5 {[%clk 0:04:24]} 27. Rd4
{[%clk 0:07:09]} g6 {[%clk 0:02:46]} 28. b4 {[%clk 0:06:52]} Rc4 {[%clk 0:02:55]}
29. Rxd5 {[%clk 0:06:28]} Rxb4 {[%clk 0:03:04]} 30. Ra5 {[%clk 0:06:26]} a6
{[%clk 0:03:08]} 31. Kf2 {[%clk 0:06:31]} Kf8 {[%clk 0:02:57]} 32. g4
{[%clk 0:06:14]} Ke7 {[%clk 0:03:02]} 33. Re5+ {[%clk 0:06:14]} Kd7
{[%clk 0:03:06]} 34. Re2 {[%clk 0:06:22]} Rd4 {[%clk 0:03:10]} 35. Kg3
{[%clk 0:06:25]} b5 {[%clk 0:03:08]} 36. Re3 {[%clk 0:05:52]} a5 {[%clk 0:03:12]}
37. Re2 {[%clk 0:05:36]} b4 {[%clk 0:03:17]} 38. Kh4 {[%clk 0:05:37]} h6
{[%clk 0:03:22]} 39. Kg3 {[%clk 0:05:41]} a4 {[%clk 0:03:29]} 40. h4
{[%clk 0:05:47]} b3 {[%clk 0:02:52]} 41. axb3 {[%clk 0:05:54]} axb3
{[%clk 0:03:01]} 42. Rb2 {[%clk 0:06:01]} Rb4 {[%clk 0:03:10]} 43. f4
{[%clk 0:05:52]} h5 {[%clk 0:03:09]} 44. g5 {[%clk 0:05:26]} Kc6 {[%clk 0:03:07]}
45. Kf3 {[%clk 0:05:32]} Kc5 {[%clk 0:03:08]} 46. Ke3 {[%clk 0:05:40]} Kc4
{[%clk 0:03:17]} 47. Rb1 {[%clk 0:05:46]} b2 {[%clk 0:03:20]} 48. Kd2
{[%clk 0:05:46]} Kb3 {[%clk 0:03:28]} 49. Kd3 {[%clk 0:05:42]} Ka2
{[%clk 0:03:30]} 50. Kc2 {[%clk 0:05:49]} Rc4+ {[%clk 0:03:39]} 51. Kd3
{[%clk 0:05:54]} Kxb1 {[%clk 0:03:47]} 52. Kxc4 {[%clk 0:06:03]} Kc1
{[%clk 0:03:56]} 0-1

[Event "mpj-chlopcy"]
[Site "?"]
[Date "2014.08.06"]
[Round "6.1"]
[White "Czechowski, Jakub"]
[Black "Luczak, Filip"]
[Result "1/2-1/2"]
[LiveChessVersion "1.4.3"]
[BlackElo "1447"]
[WhiteElo "1396"]

1. e4 {[%clk 0:15:19]} c5 {[%clk 0:15:17]} 2. Nf3 {[%clk 0:15:28]} e6
{[%clk 0:15:25]} 3. d4 {[%clk 0:15:37]} cxd4 {[%clk 0:15:34]} 4. Nxd4
{[%clk 0:15:46]} Nf6 {[%clk 0:15:42]} 5. Nc3 {[%clk 0:15:55]} Nc6
{[%clk 0:15:50]} 6. Ndb5 {[%clk 0:15:56]} d6 {[%clk 0:15:23]} 7. Bf4
{[%clk 0:16:05]} e5 {[%clk 0:15:32]} 8. Bg5 {[%clk 0:16:13]} a6 {[%clk 0:15:35]}
9. Na3 {[%clk 0:16:19]} Be7 {[%clk 0:15:32]} 10. Bxf6 {[%clk 0:16:27]} Bxf6
{[%clk 0:15:39]} 11. Nd5 {[%clk 0:16:37]} Be6 {[%clk 0:15:31]} 12. c4
{[%clk 0:16:35]} Bxd5 {[%clk 0:15:29]} 13. cxd5 {[%clk 0:16:43]} Nd4
{[%clk 0:15:28]} 14. Be2 {[%clk 0:16:49]} O-O {[%clk 0:15:32]} 15. O-O
{[%clk 0:16:56]} Rc8 {[%clk 0:15:36]} 16. Re1 {[%clk 0:16:50]} Bg5
{[%clk 0:15:27]} 17. Bg4 {[%clk 0:16:50]} Rc7 {[%clk 0:14:44]} 18. g3
{[%clk 0:15:17]} b5 {[%clk 0:14:25]} 19. f4 {[%clk 0:15:13]} Bf6 {[%clk 0:14:18]}
20. Rc1 {[%clk 0:15:11]} Rxc1 {[%clk 0:13:28]} 21. Qxc1 {[%clk 0:15:20]} Qb6
{[%clk 0:13:36]} 22. Kh1 {[%clk 0:14:37]} exf4 {[%clk 0:12:33]} 23. gxf4
{[%clk 0:14:45]} Re8 {[%clk 0:11:52]} 24. Nc2 {[%clk 0:14:14]} Nxc2
{[%clk 0:11:30]} 25. Qxc2 {[%clk 0:14:23]} Qd4 {[%clk 0:11:14]} 26. Qc6
{[%clk 0:14:07]} Rd8 {[%clk 0:10:27]} 27. Qc7 {[%clk 0:11:57]} Qxb2
{[%clk 0:08:22]} 28. e5 {[%clk 0:08:56]} dxe5 {[%clk 0:07:10]} 29. fxe5
{[%clk 0:09:05]} Re8 {[%clk 0:07:00]} 30. Qd7 {[%clk 0:08:57]} Kf8
{[%clk 0:06:59]} 31. e6 {[%clk 0:08:06]} fxe6 {[%clk 0:04:52]} 32. dxe6
{[%clk 0:08:15]} Re7 {[%clk 0:04:54]} 33. Qd8+ {[%clk 0:08:24]} Re8
{[%clk 0:05:03]} 34. Qd6+ {[%clk 0:07:51]} Re7 {[%clk 0:05:05]} 35. Qd8+
{[%clk 0:05:40]} Re8 {[%clk 0:05:13]} 36. e7+ {[%clk 0:03:25]} Bxe7
{[%clk 0:05:11]} 37. Rf1+ {[%clk 0:03:34]} Bf6 {[%clk 0:05:16]} 38. Qd6+
{[%clk 0:03:42]} Re7 {[%clk 0:05:09]} 39. Qd8+ {[%clk 0:03:16]} Re8
{[%clk 0:05:13]} 40. Qd6+ {[%clk 0:02:59]} Re7 {[%clk 0:05:22]} 41. Qb8+
{[%clk 0:02:57]} Re8 {[%clk 0:05:19]} 42. Qd6+ {[%clk 0:03:05]} Re7
{[%clk 0:05:28]} 43. Qd8+ Re8 44. Qd6+ 1/2-1/2

[Event "mpj-chlopcy"]
[Site "?"]
[Date "2014.08.06"]
[Round "6.2"]
[White "Koszewski, Daniel"]
[Black "Baum, Jonasz"]
[Result "1/2-1/2"]
[LiveChessVersion "1.4.3"]
[BlackElo "1525"]
[WhiteElo "1505"]

1. e4 {[%clk 0:15:19]} e5 {[%clk 0:15:19]} 2. Nf3 {[%clk 0:15:15]} Nc6
{[%clk 0:15:28]} 3. Bc4 {[%clk 0:15:20]} Nf6 {[%clk 0:15:36]} 4. d3
{[%clk 0:14:59]} Bc5 {[%clk 0:15:31]} 5. O-O {[%clk 0:15:02]} O-O
{[%clk 0:15:32]} 6. c3 {[%clk 0:15:01]} d6 {[%clk 0:15:12]} 7. h3
{[%clk 0:15:03]} a6 {[%clk 0:14:04]} 8. Bb3 {[%clk 0:15:11]} Qe7 {[%clk 0:13:44]}
9. Re1 {[%clk 0:15:01]} Bd7 {[%clk 0:12:48]} 10. Nbd2 {[%clk 0:15:00]} Nd8
{[%clk 0:11:07]} 11. Nf1 {[%clk 0:15:02]} Ne6 {[%clk 0:09:48]} 12. Ng3
{[%clk 0:14:27]} g6 {[%clk 0:08:46]} 13. Ng5 {[%clk 0:09:57]} Ng7
{[%clk 0:05:52]} 14. Nf3 {[%clk 0:09:33]} Nfh5 {[%clk 0:05:12]} 15. Nxh5
{[%clk 0:09:26]} Nxh5 {[%clk 0:05:16]} 16. d4 {[%clk 0:08:57]} Bb6
{[%clk 0:04:22]} 17. Qc2 {[%clk 0:08:51]} Qf6 {[%clk 0:03:53]} 18. Bg5
{[%clk 0:08:42]} Qg7 {[%clk 0:04:01]} 19. Rad1 {[%clk 0:08:35]} Bc6
{[%clk 0:03:31]} 20. Qc1 {[%clk 0:06:57]} Rfe8 {[%clk 0:02:56]} 21. Bh6
{[%clk 0:06:16]} Qf6 {[%clk 0:02:46]} 22. Bg5 {[%clk 0:05:46]} Qg7
{[%clk 0:02:48]} 23. d5 {[%clk 0:05:17]} Bd7 {[%clk 0:02:33]} 24. Bh6
{[%clk 0:05:08]} Qf6 {[%clk 0:02:35]} 25. Qg5 {[%clk 0:04:56]} Qxg5
{[%clk 0:02:18]} 26. Bxg5 {[%clk 0:05:04]} f6 {[%clk 0:02:27]} 27. Be3
{[%clk 0:04:59]} Bxe3 {[%clk 0:02:24]} 28. Rxe3 {[%clk 0:05:07]} Nf4
{[%clk 0:02:21]} 29. Ne1 {[%clk 0:04:40]} Kh8 {[%clk 0:02:00]} 30. Nd3
{[%clk 0:04:42]} Nxd3 {[%clk 0:02:08]} 31. Rexd3 {[%clk 0:04:50]} f5
{[%clk 0:02:13]} 32. f3 {[%clk 0:04:52]} fxe4 {[%clk 0:01:52]} 33. fxe4
{[%clk 0:05:00]} Rf8 {[%clk 0:02:01]} 34. Rf1 {[%clk 0:05:02]} Rxf1+
{[%clk 0:02:00]} 35. Kxf1 {[%clk 0:05:11]} Rf8+ {[%clk 0:02:02]} 36. Ke2
{[%clk 0:05:03]} Rf4 {[%clk 0:01:47]} 37. Re3 {[%clk 0:05:02]} Kg7
{[%clk 0:01:48]} 38. c4 {[%clk 0:05:08]} b6 {[%clk 0:01:42]} 39. Bc2
{[%clk 0:05:15]} Kf6 {[%clk 0:01:29]} 40. Rf3 {[%clk 0:05:24]} Kg5
{[%clk 0:01:22]} 41. Bd3 {[%clk 0:04:54]} Rxf3 {[%clk 0:01:24]} 42. Kxf3
{[%clk 0:05:03]} a5 {[%clk 0:01:19]} 43. b3 {[%clk 0:04:39]} Kh4 {[%clk 0:01:12]}
44. Bf1 {[%clk 0:04:46]} g5 {[%clk 0:01:06]} 45. a3 {[%clk 0:03:38]} g4+
{[%clk 0:00:53]} 46. hxg4 {[%clk 0:03:46]} Bxg4+ {[%clk 0:01:02]} 47. Kf2
{[%clk 0:03:29]} Bd1 {[%clk 0:01:01]} 48. b4 {[%clk 0:03:38]} axb4
{[%clk 0:00:36]} 49. axb4 {[%clk 0:03:48]} h5 {[%clk 0:00:38]} 50. Bd3
{[%clk 0:03:12]} Kg5 {[%clk 0:00:33]} 51. g3 {[%clk 0:02:19]} h4 {[%clk 0:00:30]}
52. gxh4+ {[%clk 0:02:25]} Kxh4 {[%clk 0:00:38]} 53. Bf1 {[%clk 0:01:17]} Kg4
{[%clk 0:00:38]} 54. Ke3 {[%clk 0:01:26]} Kg3 {[%clk 0:00:43]} 55. Bd3
{[%clk 0:01:00]} Kg2 {[%clk 0:00:29]} 56. Bb1 {[%clk 0:01:07]} Kf1
{[%clk 0:00:21]} 57. Bd3+ {[%clk 0:01:03]} Ke1 {[%clk 0:00:25]} 58. Bb1
{[%clk 0:00:59]} Bh5 {[%clk 0:00:28]} 59. Bc2 {[%clk 0:01:04]} Bd1
{[%clk 0:00:28]} 60. Bxd1 {[%clk 0:01:03]} Kxd1 {[%clk 0:00:33]} 61. Kd3
{[%clk 0:01:12]} Kc1 {[%clk 0:00:32]} 62. Kc3 {[%clk 0:00:54]} Kd1
{[%clk 0:00:32]} 63. Kd3 {[%clk 0:01:04]} Ke1 {[%clk 0:00:41]} 64. Ke3
{[%clk 0:01:09]} Kd1 {[%clk 0:00:47]} 65. Kd3 {[%clk 0:01:16]} Kc1
{[%clk 0:00:43]} 66. Kc3 1/2-1/2

[Event "mpj-chlopcy"]
[Site "?"]
[Date "2014.08.06"]
[Round "6.3"]
[White "Czopor, Maciej"]
[Black "Skurniak, Szymon"]
[Result "1/2-1/2"]
[LiveChessVersion "1.4.3"]
[BlackElo "1367"]
[WhiteElo "1682"]

1. e4 {[%clk 0:15:18]} c5 {[%clk 0:15:17]} 2. Nf3 {[%clk 0:15:26]} a6
{[%clk 0:15:14]} 3. d4 {[%clk 0:15:24]} cxd4 {[%clk 0:15:21]} 4. Nxd4
{[%clk 0:15:30]} e5 {[%clk 0:15:27]} 5. Nb3 {[%clk 0:15:28]} Nf6 {[%clk 0:15:31]}
6. Nc3 {[%clk 0:15:29]} Bb4 {[%clk 0:15:32]} 7. Bd3 {[%clk 0:14:36]} d5
{[%clk 0:15:25]} 8. exd5 {[%clk 0:14:24]} Nxd5 {[%clk 0:15:32]} 9. Bd2
{[%clk 0:14:22]} Nxc3 10. Bxc3 {[%clk 0:14:28]} Bxc3+ {[%clk 0:14:46]} 11. bxc3
{[%clk 0:14:36]} Nc6 {[%clk 0:14:50]} 12. O-O {[%clk 0:14:36]} O-O
{[%clk 0:14:54]} 13. Qe2 {[%clk 0:14:18]} Qg5 {[%clk 0:14:19]} 14. Kh1
{[%clk 0:13:15]} Bf5 {[%clk 0:12:52]} 15. Qf3 {[%clk 0:11:45]} Bg4
{[%clk 0:12:17]} 16. Qg3 {[%clk 0:11:38]} Qf4 {[%clk 0:11:15]} 17. Qxf4
{[%clk 0:09:38]} exf4 {[%clk 0:11:24]} 18. f3 {[%clk 0:09:37]} Bh5
{[%clk 0:11:12]} 19. Nc5 {[%clk 0:09:04]} b5 {[%clk 0:09:40]} 20. Be4
{[%clk 0:08:45]} Rfc8 {[%clk 0:09:43]} 21. Rad1 {[%clk 0:07:25]} Bg6
{[%clk 0:09:11]} 22. Bxg6 {[%clk 0:06:19]} hxg6 {[%clk 0:09:09]} 23. Rfe1
{[%clk 0:04:03]} Na5 {[%clk 0:08:53]} 24. Ne4 {[%clk 0:02:36]} Nc4
{[%clk 0:08:55]} 25. Rd7 {[%clk 0:02:06]} Ne3 {[%clk 0:07:13]} 26. Ng5 1/2-1/2